000
00219nam a22000857a 4500
008
170621b xxu||||| |||| 00| 0 eng d
100
_9
3602
_a
Mittal. A
245
_a
Dictionary of chemistry
260
_a
New Delhi
_b
A. P. H
_c
2009
999
_c
6990
_d
6990